000 00268nam a22001097a 4500
999 _c165181
_d165181
082 _a
_b
100 _aVinod Godre
245 _aAdhunik Prabandh Kavya:
_bSamvedana Ke Dharatal /
_cby Vinod Godre.
260 _aNew Delhi:
_bVani,
_c2007.
650 _a
942 _cBK